000 02572cam a2200301 4500500
005 20260405001013.0
041 _afre
042 _adc
100 1 0 _aNègre, Emmanuelle
_eauthor
700 1 0 _aVerdier, Marie-Anne
_eauthor
245 0 0 _aDe l’usage de la contre-comptabilité par une ONG à l’instauration d’un dialogue avec les entreprises visées : le cas des Prix Pinocchio
260 _c2026.
500 _a5
520 _aCette recherche étudie les rôles de la diffusion de contre-rapports par des parties prenantes critiques, et les interactions que ces contre-rapports peuvent susciter avec les entreprises visées. Nous mobilisons une méthodologie qualitative reposant sur l’étude des contre-rapports émis par les Amis de la Terre dans le cadre des Prix Pinocchio. L’analyse du contenu des contre-rapports montre que leurs rôles sont de dévoiler les pratiques de l’entreprise visée, de donner une voix aux populations locales impactées et de susciter un dialogue avec l’entreprise pour initier des changements de pratiques. En outre, dans la plupart des cas, le contre-rapport génère un dialogue avec l’entreprise, celle-ci pouvant s’engager dans des stratégies de réponse visant à accepter ou au contraire nier les accusations qui lui sont faites.
520 _aThis research examines the roles of the disclosure of counter-accounts by critical stakeholders, and the interactions that such counter-accounts can generate with the targeted firms. We use a qualitative methodology based on the study of counter-accounts issued by Friends of the Earth as part of the Pinocchio Awards. Analysis of the content of the counter-accounts shows that their roles are to expose the practices of the targeted firm, give a voice to the local populations affected, and initiate dialogue with the firm to bring about changes in its practices. Furthermore, in most cases, the counter-account generates dialogue with the firm, which may engage in response strategies aimed at accepting or denying the accusations made against it.
690 _aaccusations
690 _acomptabilité dialogique
690 _acontre-comptabilité
690 _aparties prenantes
690 _areporting extra-financier
690 _aaccusations
690 _acounter-accounting
690 _adialogic accounting
690 _anon-financial reporting
690 _astakeholders
786 0 _nACCRA | 25 | 1 | 2026-03-19 | p. 20-59
856 4 1 _uhttps://shs.cairn.info/revue-accra-2026-1-page-20?lang=fr&redirect-ssocas=7080
999 _c2043050
_d2043050